header

The Negro in Illinois (Record no. 154127)

MARC details
000 -LEADER
fixed length control field 02271nam a2200445 a 4500
082 04 - DEWEY DECIMAL CLASSIFICATION NUMBER
Classification number 305.896/073077311
245 04 - TITLE STATEMENT
Title The Negro in Illinois
260 ## - PUBLICATION, DISTRIBUTION, ETC. (IMPRINT)
Place of publication Urbana :
Name of publisher University of Illinois Press,
Year of publication 2013.
300 ## - PHYSICAL DESCRIPTION
Number of Pages xlvi, 286 p. :
Other physical details port.
490 1# - SERIES STATEMENT
Series statement New Black studies series
505 0# - FORMATTED CONTENTS NOTE
Formatted contents note First, the french -- Slavery -- Abolition -- The Underground Railroad -- Lincoln and the Negro -- John Brown's friend -- Leave a summer land behind -- Rising -- Churches -- Soldiers -- Business -- Work -- Iola -- The migrants keep coming -- The exodus train -- Slave market -- Professions -- Health -- Houses -- Social life and social uplift -- Recreation and sports -- Defender -- Politics -- What is Africa to me? -- And churches -- Literature -- Music -- The theatre -- Rhythm.
650 #0 - SUBJECT ADDED ENTRY--TOPICAL TERM
Topical Term African Americans
Topical Term African Americans
Topical Term African Americans
Topical Term African Americans
700 1# - ADDED ENTRY--PERSONAL NAME
Personal name Dolinar, Brian.
856 40 - ELECTRONIC LOCATION AND ACCESS
Uniform Resource Identifier http://site.ebrary.com/lib/rucke/Doc?id=10722963

No items available.

© 2026 Rongo University
Contact us: librarian | system librarian | Rongo university